U.S. Cities with Street Cars - Statistics

General Stats
  • This quiz has been taken 121 times
  • The average score is 7 of 7
Answer Stats
Year Opened State City % Correct
1835 LA New Orleans
96%
1878 CA San Francisco
96%
1897 MA Boston
94%
1906 PA Philadelphia
94%
1913 OH Cleveland
92%
1904 PA Pittsburgh
92%
1935 NJ Newark
88%
No matching quizzes found
Score Distribution
Percent of People with Each Score
Percentile by Number Answered
Your Score History
You have not taken this quiz